MARC

LEADER 00000nam0a2200000 4500
001 337833
005 20231102005005.0
035 |a (RuTPU)RU\TPU\book\364321 
090 |a 337833 
100 |a 20171114d1958 km y0rusy50 ca 
101 0 |a rus 
102 |a RU 
105 |a a z 001zy 
200 1 |a Электронные устройства автоматического управления  |f А. А. Булгаков 
205 |a 2-е изд., перераб. 
210 |a Москва  |a Ленинград  |c Госэнергоиздат  |d 1958 
215 |a 256 с.  |c ил. 
320 |a Библиогр.: с. 250-254 
606 1 |a Системы автоматического управления  |x Теория  |2 stltpush  |3 (RuTPU)RU\TPU\subj\68253  |9 83687 
606 1 |a Электронные устройства  |2 stltpush  |3 (RuTPU)RU\TPU\subj\20534  |9 45633 
610 1 |a усилители напряжения 
610 1 |a индикаторные цепи 
610 1 |a сеточное управление 
610 1 |a тиратронные усилители 
610 1 |a усилители мощности 
610 1 |a приводы 
610 1 |a асинхронные двигатели 
610 1 |a электронные регуляторы 
610 1 |a регуляторы напряжения 
610 1 |a сервоприводы 
610 1 |a следящие приводы 
610 1 |a станки 
610 1 |a программное управление 
610 1 |a многоконтурные устройства 
675 |a 681.51.01  |v 4 
675 |a 621.38  |v 4 
700 1 |a Булгаков  |b А. А.  |g Алексей Алексеевич 
801 1 |a RU  |b 63413507  |c 20171114 
801 2 |a RU  |b 63413507  |c 20171114  |g RCR 
942 |c BK